Geography Quiz

Random Geography or City Quiz

New York City Landmarks Quiz Stats

 Plays Quiz Updated Mar 6, 2018

Challenge
Share
Tweet
Score 0/20 Timer 06:00
0 Plays Today
# Landmark % Correct
7Statue of Liberty
96%
1Times Square
92.9%
10Empire State Building
91.1%
5Central Park
88.3%
3Brooklyn Bridge
86.8%
11Yankee Stadium
78.4%
6Grand Central Terminal
73.9%
15United Nations Headquarters
68.7%
18Coney Island
68.2%
4Rockefeller Center
61.5%
# Landmark % Correct
13Chrysler Building
60.7%
14Ellis Island
53.5%
12New York Stock Exchange
50.5%
2Guggenheim Museum
47.9%
9Metropolitan Museum of Art
42.4%
16Flatiron Building
38.1%
17American Museum of Natural History
28.7%
8Lincoln Center
25.8%
19Columbus Circle
23.6%
20Carnegie Hall
9.1%

You're not logged in!

Compare scores with friends on all Sporcle quizzes.
OR
Log In

You Might Also Like...

Show Comments

Extras

Top Quizzes Today


Score Distribution

Your Account Isn't Verified!

In order to create a playlist on Sporcle, you need to verify the email address you used during registration. Go to your Sporcle Settings to finish the process.

Report this User

Report this user for behavior that violates our Community Guidelines.

Details: